000 00851nam a2200265Ia 4500
008 191130s2010##################000#0#eng##
020 _a9780195335903
022 _a2008041919
040 _aACL
_cACL
082 _a612.022 NEL
245 _aPhotoperiodism : the biological calendar
_cedited by Randy J. Nelson, David L. Denlinger, David E. Somers
260 _aOxford
_bOxford University Press
_c2010
300 _axiii, 581 p. : ill., maps ; 25 cm
500 _aIncludes bibliographical references and index
650 _aBiological Clocks - genetics
650 _aBiological Clocks - physiology
650 _aPhotoperiod
650 _aPhotoperiodism
700 _aDenlinger, David L
700 _aNelson, Randy Joe
700 _aSomers, David E
990 _abcb1d388ac10000c6d1b97326a008e0f
991 _a63850
999 _c35947
_d35947